| 000 | 00595nam a2200181 i 4500 | ||
|---|---|---|---|
| 001 | 52115 | ||
| 003 | ES-MaACL | ||
| 005 | 20230906162525.0 | ||
| 007 | t| | ||
| 008 | 030826s1908 fr ||||1| fre d | ||
| 100 | 1 |
_aChaucer, Geoffrey. _938193 |
|
| 245 | 1 | 4 |
_aLes contes de Canterbury / _cde Geoffrey Chaucer ; trad. française, avec une introduction [par Emile Legouis] et des notes. |
| 260 |
_a[Paris : _bs.n., _c1908] ( _eCoulommiers : _fImp. Paul Brodard) |
||
| 300 |
_aXXXII, 530 p. ; _c26 cm. |
||
| 700 | 1 |
_aLegouis , Emile. _9187296 |
|
| 852 |
_aES-MaACL _jF-12275 |
||
| 999 |
_c52115 _d52115 |
||